000 01378nam2a22002531 4500
001 RU\NLR\INFOCOMM21\5000121523
005 20250617073104.0
035 _a(NLR Aleph) 002553570
090 _a3041804
_c3041804
100 _a20050419d1927 |||y0rusy50 ca
101 0 _arus
102 _aRU
105 _ay ||||000|y
200 1 _aПрирода в руках человека
_fН.П. Кренке
210 _d1927
_aБ. м.
461 0 _1001RU\NLR\INFOCOMM21\5000121453
_12001#$aНа пути к материализму$eПособия для учителей и самообразования$fГос. Тимирязевск. науч.-исслед. ин-т изучения и пропаганды естеств.-науч. основ диалект. материализма$vВып.№19
_93041646
_cВологда
_d1925-1927
_fГос. Тимирязевск. науч.-исслед. ин-т изучения и пропаганды естеств.-науч. основ диалект. материализма
_nСев. печатник
_oПособия для учителей и самообразования
_tНа пути к материализму
_vВып.№19
700 1 _aКренке
_bН.П.
_4070
801 1 _aRU
_bInfoComm
_c20050419
801 0 _aRU
_bNLR
_gPSBO
852 _aNLR
_j36/408
942 _cISSUE
980 _aNB
980 _aRUSPER